000 00771nam a22001577a 4500
003 OSt
005 20150918171233.0
008 150918b xxu||||| |||| 00| 0 eng d
040 _cRUA
082 _aAGR KEO 2005 B032 Or.1
100 _9801
_aKEO KIMAUN
245 _aEffectiveness of using organic fertilizer on (Brassica campestris pekinenesis) at royal university of agriculture,(ប្រសិទ្ធភាពនៃការប្រើប្រាស់ជីធម្មជាតិលើដំណាំស្ពៃក្រញាញ់ នៅស្ថានីយ៍ដំណាំ នៃសាកលវិទ្យាល័យភូមិន្ទកសិកម្ម)
260 _aphnom penh
_bRUA
_c2005
300 _ax,44p.
_cill.
_g29cm.
942 _2ddc
_cAGR
999 _c773
_d773